Muskrahttoon ke darmiaan ; tanz wa mazah (Record no. 290727)

000 -LEADER
fixed length control field 00334 a2200121 4500
001 - CONTROL NUMBER
control field 55654
082 ## - DEWEY DECIMAL CLASSIFICATION NUMBER
Classification number 891.4397 IQR
090 ## - LOCALLY ASSIGNED LC-TYPE CALL NUMBER (OCLC); LOCAL CALL NUMBER (RLIN)
-- 34533
-- 34533
100 ## - MAIN ENTRY--PERSONAL NAME
Personal name Iqrar Hussain Sheikh
245 ## - TITLE STATEMENT
Title Muskrahttoon ke darmiaan ; tanz wa mazah
Statement of responsibility, etc. Iqrar Hussain Sheikh
Medium Urdu
260 ## - PUBLICATION, DISTRIBUTION, ETC.
Place of publication, distribution, etc. Lahore
Name of publisher, distributor, etc. Zyzzyua Publishing
Date of publication, distribution, etc. 2006
300 ## - PHYSICAL DESCRIPTION
Extent 248 P
942 ## - ADDED ENTRY ELEMENTS (KOHA)
Institution code [OBSOLETE] NUST-CAE
Call number prefix 891.4397 IQR
Holdings
Withdrawn status Lost status Damaged status Not for loan Collection code Permanent Location Current Location Date acquired Total Checkouts Full call number Barcode Date last seen Price effective from Koha item type
          College of Aeronautical Engineering (CAE) College of Aeronautical Engineering (CAE) 04/03/2017   891.4397 IQR CAE79757 04/05/2017 04/05/2017 Book
© 2023 Central Library, National University of Sciences and Technology. All Rights Reserved.